000 00638nam a2200181Ia 4500
008 151018s9999 xx 000 0 und d
082 _bRBASDV24823
_a891.463
100 _aमधु मंगेश कर्णिक
245 _aपुण्याई भोवरा
250 _b1
260 _bनवचेतन्य प्रकाशन मुंबई
_c1993
300 _a128
600 _aमधु मंगेश कर्णिक
630 _aपुण्याई भोवरा
700 _aमधु मंगेश कर्णिक
730 _aपुण्याई भोवरा
942 _cBOOK
999 _c1024451
_d1024448